[Event "Collado Villalba Grupo Gallinero op 1st"]
[Site "Collado Villalba"]
[Date "2022.08.17"]
[Round "9"]
[White "Rojas Pozo, Jose Luis"]
[Black "Rojas Fernandez, Antonio"]
[Result "0-1"]
[WhiteElo "1909"]
[BlackElo "1672"]
[PlyCount "78"]
[EventDate "2022.08.12"]
[EventType "swiss"]
[EventRounds "9"]
[EventCountry "ESP"]
[SourceTitle "CBM 210 Extra"]
[Source "ChessBase"]
[SourceDate "2022.11.30"]
[SourceVersion "1"]
[SourceVersionDate "2022.11.30"]
[SourceQuality "1"]

1. d4 Nf6 2. Nf3 d5 3. c4 e6 4. g3 Bd7 5. Bg2 dxc4 6. Qc2 Bc6 7. Qxc4 Nbd7 8. 0-0 Nb6 9. Qc2 Be7 10. Nc3 0-0 11. e4 Bb4 12. Re1 Bxc3 13. bxc3 Nc4 14. Nd2 Nxd2 15. Bxd2 Qd7 16. h3 h6 17. Be3 b6 18. c4 Bb7 19. Rad1 Rad8 20. Kh2 Rfe8 21. f4 Bc6 22. Rd2 Ba8 23. d5 exd5 24. cxd5 c6 25. d6 c5 26. Bg1 Qe6 27. e5 Bxg2 28. Kxg2 Nh7 29. f5 Qc8 30. h4 Nf6 31. Qd1 Qc6+ 32. Qf3 Qxf3+ 33. Kxf3 Nd7 34. e6 fxe6 35. fxe6 Nb8 36. d7 Re7 37. Be3 Rxe6 38. Bf4 Rxe1 39. Bxb8 Re7 0-1

[Event "Collado Villalba Grupo Gallinero op 1st"]
[Site "Collado Villalba"]
[Date "2022.08.13"]
[Round "3"]
[White "Rojas Pozo, Jose Luis"]
[Black "Ruano Marco, Javier"]
[Result "0-1"]
[WhiteElo "1909"]
[BlackElo "2174"]
[PlyCount "100"]
[EventDate "2022.08.12"]
[EventType "swiss"]
[EventRounds "9"]
[EventCountry "ESP"]
[SourceTitle "CBM 210 Extra"]
[Source "ChessBase"]
[SourceDate "2022.11.30"]
[SourceVersion "1"]
[SourceVersionDate "2022.11.30"]
[SourceQuality "1"]

1. d4 Nf6 2. c4 g6 3. Nc3 Bg7 4. e4 d6 5. f3 0-0 6. Be3 e5 7. d5 Nh5 8. Nge2 f5 9. Qd2 Nd7 10. 0-0-0 f4 11. Bf2 a6 12. Kb1 Rf7 13. Nc1 Bf8 14. Bd3 Qe7 15. Bc2 Rb8 16. Nd3 Nc5 17. b4 Nxd3 18. Qxd3 g5 19. h3 Nf6 20. Bb3 h5 21. c5 Qd8 22. Rc1 g4 23. hxg4 hxg4 24. cxd6 Bxd6 25. Bc5 g3 26. a3 Rh7 27. Rxh7 Kxh7 28. Bxd6 Qxd6 29. Ne2 Ne8 30. Rh1+ Kg7 31. Qc3 Qf6 32. Qc5 Ra8 33. Qc4 Qd6 34. Qc3 Qf6 35. Nc1 Bd7 36. Nd3 Bb5 37. Nxe5 a5 38. Kb2 axb4 39. axb4 Rc8 40. Nd3 Bxd3 41. e5 Qf5 42. Ba4 b5 43. Bb3 Rd8 44. Kc1 c6 45. dxc6 Nc7 46. e6+ Qf6 47. Qc5 Qa1+ 48. Kd2 Bc4+ 49. Kc2 Bd3+ 50. Kd2 Be4+ 0-1

[Event "Collado Villalba op 38th"]
[Site "Collado Villalba"]
[Date "2021.08.24"]
[Round "4"]
[White "Rojas Pozo, Jose Luis"]
[Black "Rodriguez Sanchez, Juan Carlos"]
[Result "1-0"]
[WhiteElo "1876"]
[BlackElo "1623"]
[PlyCount "74"]
[EventDate "2021.08.21"]
[EventType "swiss"]
[EventRounds "9"]
[EventCountry "ESP"]
[SourceTitle "CBM 204 Extra"]
[Source "ChessBase"]
[SourceDate "2021.11.30"]
[SourceVersion "1"]
[SourceVersionDate "2021.11.30"]
[SourceQuality "1"]

1. d4 d5 2. c4 e6 3. Nc3 Nf6 4. Nf3 c5 5. cxd5 exd5 6. g3 Nc6 7. Bg2 cxd4 8. Nxd4 Qb6 9. Nxc6 bxc6 10. 0-0 Be6 11. Qa4 Bc5 12. e4 0-0 13. Qc2 Be7 14. Be3 Qb7 15. exd5 cxd5 16. Bd4 Rfc8 17. Qe2 Rab8 18. Be5 Ra8 19. Rad1 Kf8 20. Rfe1 a5 21. Bxf6 Bxf6 22. Nxd5 Qxb2 23. Qxb2 Bxb2 24. Nb6 Rab8 25. Nxc8 Rxc8 26. Bd5 Bxd5 27. Rxd5 a4 28. Rd7 a3 29. Kg2 Re8 30. Rxe8+ Kxe8 31. Ra7 h6 32. f4 f5 33. Ra5 g6 34. Ra7 g5 35. Ra5 Kf7 36. Rxf5+ Kg6 37. Ra5 gxf4 1-0

[Event "Madrid-chT 2021"]
[Site "Madrid"]
[Date "2021.04.24"]
[Round "9.6"]
[White "Rojas Pozo, Jose Luis"]
[Black "Hidalgo Duque, Carlos"]
[Result "0-1"]
[WhiteElo "1861"]
[BlackElo "2239"]
[PlyCount "62"]
[EventDate "2021.01.23"]
[EventType "team-tourn"]
[EventRounds "14"]
[EventCountry "ESP"]
[SourceTitle "EXT 2022"]
[Source "ChessBase"]
[SourceDate "2021.10.06"]
[SourceVersion "1"]
[SourceVersionDate "2021.10.06"]
[SourceQuality "1"]
[WhiteTeam "Tajamar"]
[BlackTeam "Blanco y Negro"]
[WhiteTeamCountry "ESP"]
[BlackTeamCountry "ESP"]

1. d4 d5 2. c4 e6 3. Nc3 c6 4. e3 Nf6 5. Nf3 Nbd7 6. Bd3 dxc4 7. Bxc4 b5 8. Bd3 Bb7 9. 0-0 a6 10. e4 c5 11. d5 c4 12. Bc2 Qc7 13. dxe6 fxe6 14. Qe2 Bd6 15. Re1 e5 16. Rd1 0-0 17. Nh4 g6 18. Bh6 Rf7 19. Rd2 Nc5 20. f3 Ne6 21. Rad1 Nd4 22. Qe1 b4 23. Nb1 Bc5 24. Kh1 a5 25. Ba4 Ba6 26. Rc1 Ne6 27. g3 Bd4 28. Rdc2 Nc5 29. Rxc4 Bxc4 30. Rxc4 Qd6 31. Qe2 Nxa4 0-1

[Event "Madrid-ch Previa-B"]
[Site "Madrid"]
[Date "2020.02.29"]
[Round "9"]
[White "Rojas Pozo, Jose Luis"]
[Black "Rodriguez Avila, Alvaro"]
[Result "0-1"]
[WhiteElo "1938"]
[BlackElo "1807"]
[PlyCount "70"]
[EventDate "2020.02.06"]
[EventType "swiss"]
[EventRounds "9"]
[EventCountry "ESP"]
[SourceTitle "CBM 195 Extra"]
[Source "ChessBase"]
[SourceDate "2020.05.31"]
[SourceVersion "1"]
[SourceVersionDate "2020.05.31"]
[SourceQuality "1"]

1. d4 Nf6 2. Nf3 g6 3. c4 Bg7 4. Nc3 0-0 5. g3 d6 6. h3 Nbd7 7. Bg2 e5 8. 0-0 c6 9. e4 exd4 10. Nxd4 Re8 11. Be3 Nc5 12. Qc2 Qe7 13. Rfe1 a5 14. Rad1 Nfd7 15. f4 a4 16. Bf2 Nb6 17. b3 axb3 18. axb3 Qc7 19. Ra1 Bd7 20. b4 Ne6 21. Nxe6 Bxe6 22. c5 dxc5 23. bxc5 Nd7 24. e5 Bf5 25. Qb3 Bf8 26. Na4 Ra5 27. g4 Be6 28. Qc2 Rea8 29. f5 Bd5 30. Bxd5 cxd5 31. e6 Nxc5 32. Rac1 Rxa4 33. exf7+ Qxf7 34. fxg6 hxg6 35. Bxc5 Rc4 0-1

[Event "Madrid-ch Previa-B"]
[Site "Madrid"]
[Date "2020.02.22"]
[Round "7"]
[White "Rojas Pozo, Jose Luis"]
[Black "Cujba, Anca Claudia"]
[Result "1-0"]
[WhiteElo "1938"]
[BlackElo "1591"]
[PlyCount "91"]
[EventDate "2020.02.06"]
[EventType "swiss"]
[EventRounds "9"]
[EventCountry "ESP"]
[SourceTitle "CBM 195 Extra"]
[Source "ChessBase"]
[SourceDate "2020.05.31"]
[SourceVersion "1"]
[SourceVersionDate "2020.05.31"]
[SourceQuality "1"]

1. d4 d5 2. c4 c6 3. Nc3 Nf6 4. e3 Bg4 5. Nf3 e6 6. Qb3 Qb6 7. c5 Qxb3 8. axb3 Bxf3 9. gxf3 Nbd7 10. f4 Be7 11. b4 0-0 12. b5 Ng4 13. Be2 Ndf6 14. f3 Nh6 15. bxc6 bxc6 16. Ra6 Rfc8 17. b4 Ne8 18. Bd2 Bh4+ 19. Kf1 Nf5 20. Kg2 g5 21. fxg5 Bxg5 22. f4 Bh6 23. Rha1 Nf6 24. Rxa7 Rab8 25. b5 cxb5 26. Bxb5 Ng4 27. Re1 Bg7 28. Bd7 Ra8 29. Rxa8 Rxa8 30. c6 Nf6 31. Rb1 Nd6 32. Nb5 Nxb5 33. Rxb5 Nxd7 34. cxd7 Bf8 35. Ba5 Rxa5 36. Rxa5 Be7 37. Ra8+ Kg7 38. d8Q Bxd8 39. Rxd8 h6 40. Kg3 Kf6 41. Kg4 Kg7 42. f5 Kf6 43. fxe6 fxe6 44. Kf4 h5 45. h4 Kf7 46. Ke5 1-0

[Event "Madrid-ch Previa-B"]
[Site "Madrid"]
[Date "2020.02.14"]
[Round "4"]
[White "Martin Garcia, Luis I"]
[Black "Rojas Pozo, Jose Luis"]
[Result "1/2-1/2"]
[WhiteElo "1817"]
[BlackElo "1938"]
[PlyCount "184"]
[EventDate "2020.02.06"]
[EventType "swiss"]
[EventRounds "9"]
[EventCountry "ESP"]
[SourceTitle "CBM 195 Extra"]
[Source "ChessBase"]
[SourceDate "2020.05.31"]
[SourceVersion "1"]
[SourceVersionDate "2020.05.31"]
[SourceQuality "1"]

1. e4 e5 2. Nf3 Nc6 3. Bb5 a6 4. Ba4 Nf6 5. 0-0 b5 6. Bb3 Be7 7. Re1 d6 8. c3 0-0 9. h3 Na5 10. Bc2 c5 11. d4 Qc7 12. Bg5 Re8 13. d5 c4 14. Nbd2 Nb7 15. Nf1 Nc5 16. g4 Rb8 17. Ng3 b4 18. cxb4 Rxb4 19. Qc1 Qb7 20. Nh4 g6 21. Rb1 Nd3 22. Bxd3 cxd3 23. Nf3 Bd7 24. Bd2 Rc8 25. Bc3 Qb5 26. Qd2 Rbc4 27. Qxd3 Rxe4 28. Qxb5 Rxe1+ 29. Rxe1 Bxb5 30. Ne4 Nxd5 31. Nfd2 f5 32. gxf5 gxf5 33. Ng3 Bd7 34. Bxe5 Bg5 35. Nf3 dxe5 36. Nxg5 e4 37. Rd1 Bc6 38. Nxf5 Rf8 39. Nh6+ Kh8 40. Nxe4 Nf4 41. Ng5 Ne2+ 42. Kf1 Ng3+ 43. Ke1 Re8+ 44. Kd2 Re2+ 45. Kc3 Ne4+ 46. Nxe4 Bxe4 47. Ng4 Bf5 48. Rd2 Re4 49. f3 Rf4 50. Rf2 h5 51. Ne5 Kg7 52. Kd2 Kf6 53. Ke3 Kxe5 54. Rg2 Rh4 55. Rg8 Rxh3 56. Ra8 Rh2 57. f4+ Kd5 58. Rxa6 Rh3+ 59. Kf2 Kc4 60. b3+ Kc3 61. Ra5 Bg4 62. f5 Rf3+ 63. Kg2 Kd3 64. Rc5 Kd4 65. Rc4+ Kd5 66. Ra4 Ke5 67. Ra5+ Kf6 68. Rc5 Rd3 69. Rc2 Bxf5 70. Rb2 Bd7 71. b4 Bb5 72. Rf2+ Ke5 73. Kh2 Ke4 74. Rg2 Kd4 75. Rg5 Be8 76. b5 Rd2+ 77. Kg3 Rxa2 78. b6 Rb2 79. Rg8 Bf7 80. Rg7 Bd5 81. Rh7 Rg2+ 82. Kh4 Bf3 83. Kh3 Rb2 84. b7 Rxb7 85. Rh8 Bg4+ 86. Kh4 Rf7 87. Rd8+ Ke4 88. Re8+ Kf5 89. Re1 Kg6 90. Re5 Rf3 91. Rg5+ Kh6 92. Rxh5+ Bxh5 1/2-1/2

[Event "Madrid-ch final"]
[Site "Madrid"]
[Date "2019.05.26"]
[Round "2"]
[White "Rodriguez Melendez, Juan Humbert"]
[Black "Rojas Pozo, Jose Luis"]
[Result "1/2-1/2"]
[WhiteElo "2212"]
[BlackElo "1974"]
[PlyCount "116"]
[EventDate "2019.05.25"]
[EventType "swiss"]
[EventRounds "7"]
[EventCountry "ESP"]
[SourceTitle "CBM 190 Extra"]
[Source "ChessBase"]
[SourceDate "2019.07.15"]
[SourceVersion "1"]
[SourceVersionDate "2019.07.15"]
[SourceQuality "1"]

1. d4 Nf6 2. c4 e6 3. g3 d5 4. Nf3 Be7 5. Bg2 0-0 6. 0-0 Ne4 7. Qc2 c6 8. b3 Nd7 9. Ba3 f5 10. Bxe7 Qxe7 11. Nc3 Ndf6 12. Ne5 Nd7 13. Nd3 Qf6 14. e3 Qh6 15. Rae1 b6 16. f3 Nxc3 17. Qxc3 Bb7 18. Rf2 Rac8 19. c5 Qf6 20. Bf1 Rfe8 21. f4 Qe7 22. b4 Ba6 23. Qa3 Bxd3 24. Bxd3 b5 25. Ra1 Nf6 26. Qb3 Ra8 27. a4 a6 28. Rfa2 Qb7 29. h3 Reb8 30. axb5 axb5 31. Ra5 Rxa5 32. Rxa5 Ra8 33. Qa3 Rxa5 34. Qxa5 Qb8 35. Kg2 h5 36. Qa6 Qc7 37. Kf3 Kf7 38. Qa8 g6 39. Bc2 Kg7 40. Kg2 Kf7 41. Bd1 Kg7 42. Be2 Kf7 43. g4 hxg4 44. hxg4 fxg4 45. Kg3 g5 46. Bxg4 gxf4+ 47. exf4 Nxg4 48. Kxg4 Kg7 49. Qe8 Qf7 50. Qxf7+ Kxf7 51. f5 Kf6 52. fxe6 Kxe6 53. Kg5 Ke7 54. Kg6 Ke6 55. Kg5 Ke7 56. Kg4 Ke6 57. Kg5 Ke7 58. Kg6 Ke6 1/2-1/2

[Event "Madrid-ch sf"]
[Site "Madrid"]
[Date "2019.05.07"]
[Round "2"]
[White "Rojas Pozo, Jose Luis"]
[Black "Cabanas Bravo, Juan Andres"]
[Result "1/2-1/2"]
[WhiteElo "1974"]
[BlackElo "2010"]
[PlyCount "79"]
[EventDate "2019.05.06"]
[EventType "swiss"]
[EventRounds "9"]
[EventCountry "ESP"]
[SourceTitle "CBM 190 Extra"]
[Source "ChessBase"]
[SourceDate "2019.07.15"]
[SourceVersion "1"]
[SourceVersionDate "2019.07.15"]
[SourceQuality "1"]

1. d4 Nf6 2. c4 c5 3. d5 b5 4. cxb5 a6 5. bxa6 Bxa6 6. g3 d6 7. Bg2 g6 8. b3 Bg7 9. Bb2 0-0 10. Nh3 Nbd7 11. 0-0 Ra7 12. Re1 Qa8 13. e4 h5 14. Qc2 Rb8 15. Nd2 Nb6 16. a4 Rc7 17. a5 Nc8 18. Nc4 Bxc4 19. bxc4 Rxb2 20. Qxb2 Nxe4 21. Qc2 Bxa1 22. Rxa1 Nf6 23. f4 Ra7 24. f5 Rxa5 25. Rxa5 Qxa5 26. fxg6 Qe1+ 27. Bf1 Qe3+ 28. Kg2 Nb6 29. gxf7+ Kxf7 30. Bd3 Nbd7 31. Bg6+ Kg8 32. Nf4 Ne5 33. Bf5 Nfg4 34. Bxg4 hxg4 35. Qf5 Qd2+ 36. Kh1 Qc1+ 37. Kg2 Qd2+ 38. Kh1 Qd1+ 39. Kg2 Qf3+ 40. Kg1 1/2-1/2

[Event "Madrid-ch Previa-B"]
[Site "Madrid"]
[Date "2019.02.07"]
[Round "3"]
[White "Garcia Serrano, Jose Manuel1111"]
[Black "Rojas Pozo, Jose Luis"]
[Result "1-0"]
[WhiteElo "1880"]
[BlackElo "1969"]
[PlyCount "53"]
[EventDate "2019.02.01"]
[EventType "swiss"]
[EventRounds "9"]
[EventCountry "ESP"]
[SourceTitle "CBM 189 Extra"]
[Source "ChessBase"]
[SourceDate "2019.06.03"]
[SourceVersion "1"]
[SourceVersionDate "2019.06.03"]
[SourceQuality "1"]

1. e4 e5 2. f4 exf4 3. Nf3 d5 4. exd5 Nf6 5. Bb5+ Bd7 6. Bc4 Qe7+ 7. Kf1 Bg4 8. d4 g5 9. Nc3 Bg7 10. Qd3 Bxf3 11. Qxf3 a6 12. Bxf4 0-0 13. Bxg5 Qd6 14. Bd3 Nbd7 15. Qf5 Rfe8 16. Qf4 Nb6 17. Qh4 Nbxd5 18. Nxd5 Nxd5 19. Qxh7+ Kf8 20. c3 c5 21. Qh4 cxd4 22. cxd4 Ne3+ 23. Kf2 Qxd4 24. Qxd4 Bxd4 25. Kf3 b5 26. Rac1 Rac8 27. Rxc8 1-0